000 00440nam a2200157 i 4500
001 58742
003 ES-MaACL
005 20230906163856.0
007 t|
008 031023s1973 sp ||||1| spa d
100 1 _aEfimov, Nikolai.
_946688
245 1 0 _aHistoria social de la revolución francesa /
_cN. Efimov.
260 _a[Madrid] :
_bMiguel Castellote,
_c[1973]
300 _a100 p. ;
_c17 cm.
852 _aES-MaACL
_jC-53542
_bR.86479
999 _c58742
_d58742